[Event "British Rapidplay"]
[Site "Halifax ENG"]
[Date "2005.11.12"]
[Round "6"]
[White "Hanley,C"]
[Black "Hebden,M"]
[Result "0-1"]
[WhiteElo "2388"]
[BlackElo "2514"]

1.d4 Nf6 2.Nf3 g6 3.g3 Bg7 4.Bg2 O-O 5.c4 d6 6.O-O Nbd7 7.Nc3 e5 8.h3 a6
9.Bg5 h6 10.Be3 exd4 11.Nxd4 Ne5 12.b3 c5 13.Nc2 Bf5 14.Qd2 Qa5 15.Rac1 Rad8
16.Nd5 Qxa2 17.Nxf6+ Bxf6 18.Bxh6 Rfe8 19.g4 Bxc2 20.Qxc2 Qxc2 21.Rxc2 b5
22.Bd5 bxc4 23.bxc4 Nd7 24.Bf4 Nb6 25.Bc6 Re6 26.Rb1 Nc8 27.Ra2 Ne7 28.Bb7 d5
29.Bxa6 dxc4 30.g5 Bg7 31.Bc7 Rd7 32.Rb8+ Kh7 33.Bb6 c3 34.Bd3 Nc6 35.Ra1  0-1

[Event "TCh-HUN 2005-6"]
[Site "Hungary HUN"]
[Date "2005.11.13"]
[Round "3"]
[White "Balog,I1"]
[Black "Kahn,E"]
[Result "1-0"]
[WhiteElo "2200"]
[BlackElo "2306"]

1.d4 Nf6 2.c4 g6 3.Nf3 Bg7 4.g3 d6 5.Bg2 O-O 6.O-O Nbd7 7.Nc3 e5 8.d5 a5
9.e4 Nc5 10.Nh4 c6 11.Be3 cxd5 12.Bxc5 dxc5 13.cxd5 Ne8 14.Re1 Nd6 15.a4 Bd7
16.Nf3 Ra6 17.b3 Rb6 18.Nd2 Rb4 19.Bf1 Rd4 20.Qc2 f5 21.Bd3 Qf6 22.Nc4 f4
23.Nxd6 fxg3 24.fxg3 Rxd3 25.Qxd3 Bh3 26.Ra2 Qxd6 27.Nd1 Bh6 28.Rf2 Rxf2
29.Nxf2 Bd7 30.Kg2 Qb6 31.Qc4 Qd6 32.Rf1 Be3 33.Qe2 Bg5 34.Qf3 h5 35.Nh3 Be7
36.Qf7+ Kh8 37.Nf2 b5 38.axb5 Bxb5 39.Ra1 Bd8 40.Rd1 Bd7 41.Nd3 Be7 42.Nb2 Bb5
43.Nc4 Bxc4 44.bxc4 a4 45.Qe8+ Kg7 46.Rf1 Bf6 47.Qxa4  1-0

[Event "FSIMB November"]
[Site "Budapest HUN"]
[Date "2005.11.14"]
[Round "10"]
[White "Rombaldoni,D"]
[Black "Galyas,M"]
[Result "0-1"]
[WhiteElo "2316"]
[BlackElo "2424"]

1.d4 Nf6 2.c4 g6 3.Nf3 Bg7 4.g3 O-O 5.Bg2 d6 6.O-O Nbd7 7.Nc3 e5 8.e4 exd4
9.Nxd4 Re8 10.h3 a6 11.a4 Nc5 12.Re1 a5 13.Ndb5 Nfd7 14.Be3 Rb8 15.Qc2 b6
16.Rad1 Bb7 17.f4 Na6 18.e5 Nb4 19.Qd2 Bxg2 20.Kxg2 Qc8 21.exd6 cxd6 22.Nxd6 Qc6+
23.Kh2 Re7 24.Bf2 Rxe1 25.Qxe1 Nc5 26.Qe7 Rf8 27.Bxc5 Qxc5 28.Nce4 Qc6 29.Rd2 Qxa4
30.Ng5 Nc6 31.Qd7 h6 32.Ngxf7 Qb4 33.Ne4 Qxc4 34.Nfd6 Qc1 35.Ne8 Rf7 36.Qc8 Kh7
37.Qe6 Re7 38.N8f6+ Bxf6 39.Nxf6+ Kg7 40.Qg8+ Kxf6 41.Rd6+ Kf5 42.Qd5+ Ne5
43.g4+ Kxf4 44.Qd4+ Kg5 45.h4+ Kxh4 46.Qf2+ Kxg4 47.Kg2 Qg5 48.Rd4+ Kh5+
49.Kh1 Ng4 50.Qf3 Qc1+ 51.Kg2 Qxb2+  0-1

[Event "WJun Girls"]
[Site "Instanbul TUR"]
[Date "2005.11.19"]
[Round "10"]
[White "Corke,A"]
[Black "Djukic,Sa"]
[Result "1-0"]
[WhiteElo "2222"]
[BlackElo "2140"]

1.d4 d6 2.Nf3 Nf6 3.c4 g6 4.g3 Bg7 5.Bg2 O-O 6.Nc3 c6 7.O-O Qa5 8.e4 e5 9.d5 cxd5
10.cxd5 b5 11.Nd2 Ba6 12.Re1 b4 13.Nb3 Qc7 14.Nb1 Bb7 15.a3 a5 16.axb4 axb4
17.Rxa8 Bxa8 18.Be3 Na6 19.Qe2 Bb7 20.N1d2 Qc2 21.Rc1 Qxb2 22.Qd3 Nc5 23.Bxc5 dxc5
24.Nc4  1-0

[Event "18th Belgrade Trophy"]
[Site "Obrenovac SCG"]
[Date "2005.11.22"]
[Round "1"]
[White "Jakovljevic,Vlado"]
[Black "Stefanovic,M"]
[Result "1-0"]
[WhiteElo "2385"]
[BlackElo "2086"]

1.Nf3 Nf6 2.c4 g6 3.d4 Bg7 4.g3 O-O 5.Bg2 d6 6.Nc3 Nbd7 7.O-O e5 8.e4 exd4
9.Nxd4 Re8 10.h3 Nc5 11.Re1 a5 12.b3 Bd7 13.Bf4 Nh5 14.Be3 Nf6 15.Qc2 Qc8
16.Kh2 Re5 17.f3 Rh5 18.h4 h6 19.Kg1 g5 20.hxg5 hxg5 21.Rad1 Bh3 22.g4 Nxg4
23.fxg4 Bxg4 24.Rd2 c6 25.Rf2 Be5 26.Nf5 Qe6 27.Ne2 Bxf5 28.Rxf5 Qh6 29.Rxe5 dxe5
30.Bxc5  1-0

[Event "18th Belgrade Trophy"]
[Site "Obrenovac SCG"]
[Date "2005.11.28"]
[Round "7"]
[White "Jakovljevic,Vlado"]
[Black "Brenjo,S"]
[Result "1-0"]
[WhiteElo "2385"]
[BlackElo "2465"]

1.Nf3 Nf6 2.c4 g6 3.d4 Bg7 4.g3 O-O 5.Bg2 d6 6.Nc3 c6 7.O-O Bg4 8.h3 Bxf3
9.Bxf3 Nbd7 10.e4 a6 11.Be3 Rc8 12.Bg2 e5 13.dxe5 dxe5 14.c5 Qe7 15.Na4 Rfd8
16.Qc2 Nf8 17.Rad1 Ne6 18.b4 h5 19.h4 Ng4 20.Bh3 Nxe3 21.fxe3 Bh6 22.Qf2 Rxd1
23.Rxd1 Rd8 24.Rxd8+ Qxd8 25.Nb2 Nc7 26.Nc4 Ne8 27.Kh2 f6 28.Qd2 Qxd2+ 29.Nxd2 Bxe3
30.Nc4 Bc1 31.Bc8 Nc7 32.Bxb7 Kf8 33.Bxc6 Ke7 34.Bb7 g5 35.hxg5 fxg5 36.Nxe5 h4
37.Nd3 hxg3+ 38.Kxg3 Bd2 39.Kg4 a5 40.bxa5 Bxa5 41.Kxg5 Bc3 42.Bd5 Nb5 43.e5 Bd2+
44.Kf5 Nc3 45.Bb3 Ne2 46.Ke4  1-0

[Event "18th Belgrade Trophy"]
[Site "Obrenovac SCG"]
[Date "2005.11.28"]
[Round "7"]
[White "Arsovic,G"]
[Black "Popovic,Du"]
[Result "1/2-1/2"]
[WhiteElo "2419"]
[BlackElo "2480"]

1.d4 Nf6 2.Nf3 g6 3.c4 Bg7 4.g3 O-O 5.Bg2 d6 6.O-O c6 7.Nc3 Qb6 8.b3 e5 9.e4 Bg4
10.Be3 Qa5 11.Qd2 Bxf3 12.Bxf3 exd4 13.Bxd4 c5 14.Be3 Ng4 15.Nb5 Qxd2 16.Bxd2 Bxa1
17.Bxg4 Bg7 18.Nc7 Nc6 19.Nxa8 Rxa8 20.Kg2 a6 21.Be2 b5 22.f4 b4 23.Bd1 a5
24.Rf3 Bd4 25.Rf1 f6 26.Bc2 Kg7 27.Bc1 Ne7 28.Rd1 Nc8 29.Kf3 Ne7 30.h3 Ra6
31.Rd3 Kf7 32.Rd1 Nc6 33.Kg2 Kg7 34.Kf3 Ra8 35.h4 Bc3 36.Be3 Bd4 37.Bc1 Bc3  1/2-1/2

[Event "18th Belgrade Trophy"]
[Site "Obrenovac SCG"]
[Date "2005.11.29"]
[Round "8"]
[White "Abramovic,B"]
[Black "Popovic,Du"]
[Result "1/2-1/2"]
[WhiteElo "2482"]
[BlackElo "2480"]

1.d4 Nf6 2.c4 g6 3.Nf3 Bg7 4.g3 O-O 5.Bg2 d6 6.O-O c6 7.Nc3 Qb6 8.b3 e5 9.e4 Bg4
10.Be3 Qa5 11.Rc1 exd4 12.Bxd4 Qh5 13.Bxf6  1/2-1/2

[Event "TCh-CZE Extraliga 2005-6"]
[Site "Czech Rep CZE"]
[Date "2005.12.04"]
[Round "6"]
[White "Vokoun,J"]
[Black "Czakon,J"]
[Result "0-1"]
[WhiteElo "2306"]
[BlackElo "2477"]

1.d4 Nf6 2.Nf3 g6 3.c4 Bg7 4.g3 O-O 5.Bg2 d6 6.Nc3 c6 7.O-O Qa5 8.h3 e5 9.d5 cxd5
10.cxd5 Bd7 11.a3 Rc8 12.Be3 Qd8 13.Rc1 a5 14.Qb3 Na6 15.Nb5 a4 16.Rxc8 Rxc8
17.Qxa4 Nc7 18.Bb6 Bxb5 19.Qa5 Nfxd5 20.Nd4 Nxb6 21.Bxb7 Nc4 22.Qb4 Rb8  0-1

[Event "It"]
[Site "Dnepropetrovsk UKR"]
[Date "2005.12.07"]
[Round "1"]
[White "Kononenko,Dmitry1"]
[Black "Kozak,L"]
[Result "1-0"]
[WhiteElo "2451"]
[BlackElo "2299"]

1.d4 Nf6 2.c4 g6 3.Nf3 Bg7 4.g3 O-O 5.Bg2 d6 6.O-O Nbd7 7.Nc3 e5 8.e4 c6
9.h3 Qb6 10.c5 dxc5 11.dxe5 Ne8 12.Na4 Qa5 13.Bd2 Qb5 14.Bc3 Qa6 15.Qc2 Nc7
16.Ng5 b6 17.e6 Nxe6 18.Nxe6 fxe6 19.Bxg7 Kxg7 20.Rfd1 e5 21.Rd6 Rf6 22.Rad1 Qb7
23.Qd2 Qc7 24.Rxd7+ Bxd7 25.Qxd7+ Qxd7 26.Rxd7+ Rf7 27.Rd2 Rff8 28.Rd7+ Rf7
29.Rd3 Rff8 30.b3 Rad8 31.Bf1 Rxd3 32.Bxd3 Rd8 33.Nb2 b5 34.Kf1 Kf6 35.Ke2 Rd4
36.f4 exf4 37.gxf4 g5 38.f5 h5 39.Ke3 Rd8 40.Be2 Rh8 41.a4 c4 42.bxc4 bxa4
43.Nxa4 a5 44.Nb6 Rh7 45.c5 Ra7 46.Bd1 g4 47.hxg4 hxg4 48.Kf4  1-0

[Event "12th Open"]
[Site "Zadar CRO"]
[Date "2005.12.14"]
[Round "4"]
[White "Cvitan,O"]
[Black "Ramesa,D"]
[Result "1-0"]
[WhiteElo "2527"]
[BlackElo "2226"]

1.d4 Nf6 2.Nf3 g6 3.c4 Bg7 4.g3 O-O 5.Bg2 d6 6.O-O Nbd7 7.Nc3 e5 8.e4 exd4
9.Nxd4 Re8 10.h3 Nc5 11.Re1 Bd7 12.Rb1 a5 13.b3 h6 14.Kh2 c6 15.Bf4 Qb6 16.Be3 Qc7
17.Qc2 Re5 18.f3 Rh5 19.Nde2 g5 20.e5 Qc8 21.g4 Nxg4+ 22.fxg4 Bxg4 23.Ng3 Bxe5
24.Bxc5 Bxh3 25.Rxe5 Bf5+ 26.Nxh5 Bxc2 27.Re8+ Qxe8 28.Nf6+ Kh8 29.Nxe8 dxc5
30.Re1 a4 31.Nxa4 b5 32.cxb5  1-0

[Event "1st ch-BIH"]
[Site "Brcko BIH"]
[Date "2005.12.17"]
[Round "3"]
[White "Jakovljevic,Vlado"]
[Black "Runic,Z"]
[Result "0-1"]
[WhiteElo "2385"]
[BlackElo "2434"]

1.Nf3 Nf6 2.c4 g6 3.d4 Bg7 4.g3 O-O 5.Bg2 d6 6.O-O Nc6 7.Nc3 a6 8.h3 Rb8
9.Be3 Bd7 10.Rc1 b5 11.Nd2 b4 12.Nce4 Nxe4 13.Nxe4 Na5 14.b3 Qc8 15.Kh2 h6
16.f4 Nb7 17.Bg1 c6 18.Nd2 c5 19.d5 Nd8 20.e4 f5 21.Qe2 Re8 22.exf5 gxf5
23.Qh5 Rf8 24.Rce1 Rf7 25.Re3 Nb7 26.Rfe1 Qf8 27.Nf3 Bf6 28.Nh4 Qg7 29.Re6 Bxh4
30.Qxh4 Bxe6 31.dxe6 Rf6 32.Bd5 a5 33.Be3 a4 34.Bc1 a3 35.g4 Na5 36.g5 Rg6
37.Qg3 Qc3 38.Qf2 Kg7 39.Bd2 Qb2 40.Re2 Qb1 41.Qe3 Rf8 42.h4 hxg5 43.fxg5 Rh8
44.Kg3 Kg8 45.Be1 Kg7 46.Qf3 Rf8 47.Bd2 Qg1+ 48.Kh3 Nxb3 49.Be3 Qg4+ 50.Qxg4 fxg4+
51.Kxg4 Nd4 52.Bxd4+ cxd4 53.h5 Rf1 54.hxg6 Rg1+ 55.Kf4 d3 56.Rd2 Rb1 57.c5 dxc5
58.Rxd3 Rc1 59.Rb3 Rf1+ 60.Ke4 Kxg6 61.Rg3 Rd1 62.Rg2 Rc1 63.Kd3 Rc3+ 64.Ke4 Rc1
65.Kd3 Rc3+ 66.Kd2 c4 67.Be4+ Kg7 68.Rg1 Rh3 69.Bc2 b3 70.axb3 cxb3 71.Bxb3 Rxb3
72.Kc2 Rb6 73.Rg3 Ra6 74.Kb1 a2+ 75.Ka1 Kg6 76.Rg1 Ra3 77.Rg2 Ra5 78.Rf2 Kxg5
79.Rf7 Ra7 80.Rf8 Ra6 81.Rf7 Rxe6 82.Kxa2 Ra6+ 83.Kb2 e5 84.Kc2 Rd6 85.Rg7+ Kf4
86.Rf7+ Ke3 87.Rh7 e4 88.Rh3+ Kf2 89.Rh2+ Kg3 90.Rh8 e3 91.Rf8 e2 92.Re8 Kf2
93.Rf8+ Ke1 94.Ra8 Rf6  0-1

[Event "5th Amplico AIG Life"]
[Site "Warsaw POL"]
[Date "2005.12.17"]
[Round "4"]
[White "Rustemov,A"]
[Black "Hunt,A"]
[Result "1-0"]
[WhiteElo "2564"]
[BlackElo "2431"]

1.d4 Nf6 2.Nf3 g6 3.c4 Bg7 4.g3 O-O 5.Bg2 d6 6.Nc3 Nbd7 7.d5 Nc5 8.Be3 Ng4
9.Bd4 Bxd4 10.Nxd4 e5 11.dxe6 Nxe6 12.O-O c6 13.Qd2 Qb6 14.Nc2 Ng7 15.h3 Ne5
16.b3 Qa5 17.Rad1 Bf5 18.Ne3 Rad8 19.f4 Nd7 20.g4 Be6 21.Ne4 Qb6 22.Kh2 Nc5
23.Nf6+ Kh8 24.f5 Ne8 25.fxe6 fxe6 26.Nxe8 Rfxe8 27.Rf7 Nd7 28.Nd5  1-0

[Event "5th Amplico AIG Life"]
[Site "Warsaw POL"]
[Date "2005.12.17"]
[Round "6"]
[White "Rustemov,A"]
[Black "Zhigalko,A"]
[Result "1-0"]
[WhiteElo "2564"]
[BlackElo "2537"]

1.d4 Nf6 2.Nf3 g6 3.c4 Bg7 4.g3 O-O 5.Bg2 d6 6.Nc3 Nc6 7.O-O a6 8.d5 Na5
9.Nd2 c5 10.Rb1 Rb8 11.b3 b5 12.Bb2 bxc4 13.bxc4 Bh6 14.Ba1 Bf5 15.e4 Bg4
16.Qc2 Rb4 17.a3 Rxc4 18.Nxc4 Nxc4 19.Rb7 Nd2 20.Re1 Nf3+ 21.Bxf3 Bxf3 22.Qd3 Bg4
23.f3 Bc8 24.Rb3 Qc7 25.Qc4 Qd7 26.Nd1 Qh3 27.Bxf6 exf6 28.Nf2 Qh5 29.Kg2 Bg7
30.f4 Re8 31.Qa4 Rd8 32.Qc6 f5 33.Rb8 fxe4 34.g4 Qh4 35.Rxc8 Bd4 36.Rxd8+ Kg7
37.Re2 Bxf2 38.Qc8  1-0

[Event "5th Amplico AIG Life"]
[Site "Warsaw POL"]
[Date "2005.12.17"]
[Round "8"]
[White "Nedilko,V"]
[Black "Mista,A"]
[Result "1/2-1/2"]
[WhiteElo "2352"]
[BlackElo "2479"]

1.d4 d6 2.g3 g6 3.Bg2 Bg7 4.Nf3 Nf6 5.c4 O-O 6.O-O Nbd7 7.Nc3 e5 8.e4 c6
9.h3 Qb6 10.c5 dxc5 11.dxe5 Ne8 12.Ng5 Nxe5 13.f4 Qc7 14.Kh2 b6 15.Qc2 Ba6
16.Rd1 Rd8 17.h4 c4 18.a4 c5 19.Ra3 Kh8 20.g4 Nf6 21.h5 Rg8 22.hxg6 Rd7 23.Be3 Rd4
24.fxe5  1/2-1/2

[Event "5th Amplico AIG Life Places 13-16"]
[Site "Warsaw POL"]
[Date "2005.12.18"]
[Round "3"]
[White "Jussupow,Ar"]
[Black "Markowski,T"]
[Result "1/2-1/2"]
[WhiteElo "2595"]
[BlackElo "2582"]

1.d4 d6 2.g3 g6 3.Bg2 Bg7 4.c4 Nf6 5.Nf3 O-O 6.O-O Nc6 7.d5 Na5 8.Nbd2 c5
9.Ne1 b5 10.cxb5 Rb8 11.Nc2 Rxb5 12.Rb1 Bf5 13.e4 Bg4 14.Bf3 Bh3 15.Re1 Rb8
16.b3 Nd7 17.Ne3 h5 18.Bg2 Bxg2 19.Kxg2 Qc8 20.Qe2 Bd4 21.Bb2 Bxb2 22.Rxb2 Nf6
23.a3 h4 24.g4 Qd7 25.h3 Rb6 26.Reb1 Rfb8 27.Qd3 Qc8 28.b4 cxb4 29.axb4 Qd8
30.Nf3 Nb7 31.Nc4 Rb5 32.Nxh4 a5 33.Qe2 Rxb4 34.Rxb4 axb4 35.Rxb4 Nc5 36.Rxb8 Qxb8
37.f3 Qb5 38.Kh2 Nfd7 39.Ng2 Nb3 40.Qd3 Nbc5 41.Qc2 Qb4 42.Nge3 Nb3 43.Qd1 Ndc5
44.h4 Qc3 45.Kg3 Nd3 46.g5 Nbc5 47.Qd2 Qa1 48.Qd1 Qd4 49.Qc2 f5 50.gxf6 Qxf6
51.Ng2 Qd4 52.Nce3 Qe5+ 53.Kh3 g5 54.Ng4 Qa1 55.Qd2 Qh1+ 56.Nh2 g4+ 57.Kg3 gxf3
58.Qg5+ Kf7 59.Qf5+ Ke8 60.Qc8+ Kf7 61.Qf5+  1/2-1/2

[Event "5th Amplico AIG Life"]
[Site "Warsaw POL"]
[Date "2005.12.18"]
[Round "9"]
[White "Lagowski,P"]
[Black "Vedrickas,T"]
[Result "0-1"]
[WhiteElo "2391"]
[BlackElo "2147"]

1.d4 Nf6 2.c4 d6 3.Nf3 g6 4.g3 Bg7 5.Bg2 O-O 6.O-O Nc6 7.Nc3 e5 8.dxe5 dxe5
9.Bg5 Be6 10.Nd2 h6 11.Bxf6 Bxf6 12.Nd5 Bg7 13.Ne4 Ne7 14.Nc5 Bc8 15.Qc2 c6
16.Ne3 Qc7 17.Nb3 Nf5 18.Nxf5 Bxf5 19.e4 Bc8 20.c5 Be6 21.Rfd1 Rfd8 22.Bf1 Bf8
23.Bc4 Bg4 24.Rd2 Rxd2 25.Qxd2 b5 26.cxb6 axb6 27.a4 Qd7 28.Qc3 b5 29.Bf1 Rxa4
30.Rc1 Be6 31.Qe3 Be7 32.h4 Rb4 33.Nc5 Bxc5 34.Qxc5 Rxb2 35.Ra1 Qd4  0-1

[Event "5th Amplico AIG Life"]
[Site "Warsaw POL"]
[Date "2005.12.18"]
[Round "10"]
[White "Grycel,K"]
[Black "Mista,A"]
[Result "0-1"]
[WhiteElo "2282"]
[BlackElo "2479"]

1.d4 d6 2.g3 g6 3.Bg2 Bg7 4.Nf3 Nf6 5.c4 O-O 6.O-O Nbd7 7.Nc3 e5 8.e3 Re8
9.b3 Nf8 10.Bb2 e4 11.Nd2 Bf5 12.Qc2 Qe7 13.Nd5 Nxd5 14.cxd5 h5 15.Rac1 Rac8
16.Nc4 Nh7 17.Na5 Ng5 18.Nxb7 Nf3+ 19.Kh1 h4 20.Na5 Qg5 21.Nc4 Qh5 22.g4 Bxg4
23.h3 Bd7 24.Nd2 Nxd2 25.Qxd2 Qxd5 26.Rc4 Bb5 27.Rfc1 Bxc4 28.Rxc4 c5 29.Bf1 cxd4
30.Rxd4 Bxd4 31.Bxd4 Re7 32.Bc4 Rxc4 33.bxc4 Qxc4 34.Kh2 Kh7 35.Bf6 Rb7 36.Qa5 Qf1
37.Bxh4 Rb1 38.Kg3 Qh1 39.Kg4 Qf3+  0-1

[Event "5th Amplico AIG Life"]
[Site "Warsaw POL"]
[Date "2005.12.18"]
[Round "13"]
[White "Stefansson,H"]
[Black "Marszalek,Mac"]
[Result "1-0"]
[WhiteElo "2585"]
[BlackElo "2415"]

1.d4 Nf6 2.c4 g6 3.Nf3 Bg7 4.g3 O-O 5.Bg2 d6 6.O-O Bg4 7.h3 Bxf3 8.Bxf3 Nc6
9.Bg2 Nd7 10.e3 e5 11.d5 Ne7 12.e4 h6 13.Nc3 f5 14.exf5 Nxf5 15.Ne4 Nf6 16.Qd3 Kh7
17.Bd2 Nd4 18.Bc3 Nxe4 19.Bxe4 Qf6 20.f4 c5 21.dxc6 bxc6 22.fxe5 Qxe5 23.Bxg6+ Kh8
24.Kg2 Rxf1 25.Rxf1 c5 26.Qe4 Qxe4+ 27.Bxe4 Re8 28.Re1 Be5 29.Bd5 Rf8 30.Re4 Nf3
31.Ba5 Bd4 32.Re2 Ne5 33.b4 Bc3 34.Bc7 cxb4 35.Bxd6 Rf5 36.Be6 Rh5 37.g4 Rg5
38.h4  1-0

[Event "5th Amplico AIG Life"]
[Site "Warsaw POL"]
[Date "2005.12.18"]
[Round "13"]
[White "Kempinski,R"]
[Black "Maciejewski,A"]
[Result "1-0"]
[WhiteElo "2619"]
[BlackElo "2358"]

1.d4 g6 2.c4 Bg7 3.g3 Nf6 4.Bg2 O-O 5.Nf3 d6 6.O-O c6 7.Nc3 a6 8.e4 b5 9.e5 Ne8
10.Qe2 bxc4 11.Qxc4 d5 12.Qe2 Nc7 13.Be3 a5 14.Rfd1 Ne6 15.Rac1 a4 16.h4 Nd7
17.Nb1 Ba6 18.Qc2 Bb5 19.Bh3 Nb6 20.h5 Nc7 21.Na3 Nc4 22.Nxc4 Bxc4 23.b3 axb3
24.axb3 Bb5 25.hxg6 hxg6 26.Kg2 Na6 27.Qd2 Qb6 28.Rh1 Nb4 29.Ra1 Bd3 30.Ng5 Qb5
31.Ne6 Rxa1 32.Rxa1 Nc2 33.Ra5 Qxb3 34.Nxf8 Be4+ 35.Kh2 Qb1 36.Qc1  1-0

[Event "1st ch-BIH"]
[Site "Brcko BIH"]
[Date "2005.12.22"]
[Round "9"]
[White "Muratovic,Ef"]
[Black "Stojanovic,Da"]
[Result "0-1"]
[WhiteElo "2361"]
[BlackElo "2459"]

1.Nf3 g6 2.g3 Bg7 3.d4 Nf6 4.Bg2 O-O 5.c4 d6 6.O-O Nc6 7.Nc3 a6 8.h3 Bd7
9.e4 e5 10.Bg5 h6 11.Be3 exd4 12.Nxd4 Re8 13.Qd2 Ne5 14.b3 c5 15.Nc2 Bxh3
16.f4 Bxg2 17.fxe5 Bxf1 18.exf6 Qxf6 19.Nd5 Qf3 20.Rxf1 Qxg3+ 21.Qg2 Qxg2+
22.Kxg2 Rxe4 23.Nf6+ Bxf6 24.Rxf6 Re6 25.Rxe6 fxe6 26.Bxh6 Kf7 27.Bg5 b5
28.Ne3 b4 29.Kf3 a5 30.Nf1 a4 31.Nd2 axb3 32.axb3 Ra3 33.Ke3 Ke8 34.Bf4 Kd7
35.Kd3 Kc6 36.Ke2 Ra2 37.Kd3 Ra3 38.Ke4 Ra1 39.Kd3 Rh1 40.Ne4 Rh3+ 41.Ke2 d5
42.Nd2 Rc3 43.Be5 d4 44.Bf4 e5 45.Bh6 Rh3 46.Bg5 Kd7 47.Ne4 Ke6 48.Nxc5+ Kf5
49.Bd2 e4 50.Bxb4 Rh2+ 51.Kd1 e3 52.Be1 Kf4 53.b4 Ra2 54.b5 Kf3 55.b6 e2+
56.Kc1 Ra1+ 57.Kc2 Rxe1 58.Nd3 Rd1 59.b7 Rxd3 60.b8=Q e1=Q 61.Qf8+ Ke2  0-1

[Event "14th Donau Open"]
[Site "Aschach AUT"]
[Date "2005.12.27"]
[Round "2"]
[White "Grunberg,M"]
[Black "Havlik,J"]
[Result "1/2-1/2"]
[WhiteElo "2409"]
[BlackElo "2218"]

1.Nf3 Nf6 2.c4 g6 3.g3 Bg7 4.Bg2 d6 5.d4 O-O 6.Nc3 Nc6 7.O-O e5 8.d5 Ne7
9.e4 Nd7 10.Ne1 f5 11.Nd3 b6 12.Re1 Nc5 13.b4 Nxd3 14.Qxd3 a5 15.bxa5 Rxa5
16.a4 Bd7 17.Ba3 fxe4 18.Bxe4 Nf5 19.Bb4 Ra8 20.a5 bxa5 21.Rxa5 Rb8 22.Nb5 Qf6
23.Rf1 Nd4 24.Nxd4 exd4 25.Bd2 Bh3 26.Bg2 Bf5 27.Be4 Bh3 28.Bg2 Bf5 29.Be4  1/2-1/2

[Event "8th Open ch-Bajmok"]
[Site "Bajmok SCG"]
[Date "2005.12.29"]
[Round "5"]
[White "Szabados,K"]
[Black "Halasi,J"]
[Result "1-0"]
[WhiteElo "2065"]
[BlackElo "2144"]

1.d4 Nf6 2.Nf3 g6 3.g3 Bg7 4.Bg2 O-O 5.c4 d6 6.Nc3 c6 7.O-O Nbd7 8.e4 e5
9.b3 exd4 10.Nxd4 Nc5 11.h3 Qe7 12.Re1 a5 13.Bf4 Nfd7 14.Be3 Ne6 15.Qd2 Ndc5
16.Rad1 Rd8 17.f4 Nxd4 18.Bxd4 Bxd4+ 19.Qxd4 Ne6 20.Qe3 Nc5 21.e5 Be6 22.exd6 Rxd6
23.Qxc5 Rxd1 24.Qxe7 Rxe1+ 25.Kh2 Rc1 26.Ne4 Rc2 27.Nf6+ Kg7 28.Ne8+ Kg8
29.Nc7  1-0

[Event "Master Open"]
[Site "Zurich SUI"]
[Date "2005.12.30"]
[Round "7"]
[White "Ruck,R"]
[Black "Solleveld,Maa"]
[Result "1/2-1/2"]
[WhiteElo "2535"]
[BlackElo "2463"]

1.Nf3 Nf6 2.c4 g6 3.d4 Bg7 4.g3 O-O 5.Bg2 d6 6.O-O Nc6 7.Nc3 e5 8.d5 Ne7
9.e4 Nd7 10.Ne1 f5 11.Nd3 Nf6 12.Bg5 h6 13.Bxf6 Bxf6 14.f4 exf4 15.Nxf4 Be5
16.Qd2 g5 17.Ne6 Bxe6 18.dxe6 f4 19.Nd5 Ng6 20.gxf4 gxf4 21.Bh3 c6 22.e7 Nxe7
23.Nxf4 Qb6+ 24.Kh1 Qxb2 25.Qxb2 Bxb2 26.Rab1 Be5 27.Rxb7 Rxf4 28.Rxf4 Bxf4
29.Rxe7 a5 30.Be6+ Kh8 31.Rb7 Re8 32.Bf5 Re5  1/2-1/2

[Event "Xstrata ch-AUS 2006"]
[Site "Brisbane AUS"]
[Date "2006.01.03"]
[Round "6"]
[White "Goldenberg,I"]
[Black "Ly,M"]
[Result "1/2-1/2"]
[WhiteElo "2335"]
[BlackElo "2162"]

1.d4 Nf6 2.Nf3 g6 3.c4 Bg7 4.g3 O-O 5.Bg2 d6 6.O-O Nc6 7.Nc3 Bf5 8.d5 Na5
9.Nd2 c6 10.e4 Bg4 11.Qc2 cxd5 12.cxd5 Rc8 13.Nb3 Nc4 14.h3 Bd7 15.Nd2 Qa5
16.Qd3 b5 17.Nxc4 Rxc4 18.Bd2 Rfc8 19.a3 Qb6 20.Rfc1 Be8 21.Qe3 Qb7 22.Bf1 R4c7
23.Na2 Nd7 24.Rxc7 Rxc7 25.Bc3 Bxc3 26.Nxc3 Nb6 27.Rc1 a6 28.Be2 Bd7 29.Kg2 e6
30.dxe6 Bxe6 31.Qd4 Na4 32.Qxd6 Nxb2 33.Qd8+ Kg7 34.Qd4+ f6 35.Nd5 Bxd5 36.Rxc7+ Qxc7
37.exd5 Qe5 38.Qa7+ Kh6 39.Qe3+ Qxe3 40.fxe3 Kg7 41.Kf3 Kf7 42.Ke4 Ke7 43.Kd4 Kd6
44.h4 Na4 45.h5 Nb6 46.Bd3 f5 47.hxg6 hxg6 48.e4 fxe4 49.Bxe4 g5 50.Bg2 Nd7
51.Ke4 Ne5 52.Bf1 g4 53.Be2 Nd7 54.Kd4 Nf6 55.Bd1 a5 56.Be2 b4 57.axb4 a4
58.Bd1 a3 59.Kc3 Nxd5+ 60.Kb3 a2 61.Kb2  1/2-1/2

[Event "Masters"]
[Site "Hastings ENG"]
[Date "2006.01.03"]
[Round "7"]
[White "Makumbi,G"]
[Black "Dennis,N"]
[Result "1-0"]
[WhiteElo "2195"]
[BlackElo "2050"]

1.d4 Nf6 2.Nf3 g6 3.g3 Bg7 4.Bg2 O-O 5.c4 d6 6.O-O Nbd7 7.Qc2 c5 8.Rd1 cxd4
9.Nxd4 a6 10.Nc3 Rb8 11.b3 Qc7 12.Bb2 Nc5 13.Rac1 e5 14.Nf3 Bf5 15.Qd2 Nce4
16.Qe1 Rfd8 17.Nh4 Nxc3 18.Qxc3 Be4 19.f3 Bc6 20.e4 b5 21.c5 d5 22.Qxe5 Qa5
23.Qf4 Nh5 24.Qd2 Qxa2 25.Bxg7 Qxd2 26.Rxd2 Kxg7 27.Rcd1 Nf6 28.f4 d4 29.e5 Ne4
30.Rxd4 Rxd4 31.Rxd4 Nc3 32.Kf2 Bxg2 33.Nxg2 a5 34.Ne1 a4 35.bxa4 bxa4 36.Rc4 Rb2+
37.Kf1 Rb3 38.c6 a3 39.c7 a2 40.Nc2 Rb1+ 41.Kg2 Rb2 42.Rxc3 a1=Q 43.c8=Q Qe1
44.Qc4 Qd2+ 45.Kh3 h5 46.e6 Kh6 47.Qd4 Rxc2 48.Qh8+  1-0

[Event "10th Open"]
[Site "Bad Zwesten GER"]
[Date "2006.01.04"]
[Round "4"]
[White "Krallmann,M"]
[Black "Geske,J"]
[Result "1/2-1/2"]
[WhiteElo "2263"]
[BlackElo "2077"]

1.d4 Nf6 2.c4 g6 3.Nf3 Bg7 4.g3 d6 5.Bg2 O-O 6.O-O Nc6 7.d5 Na5 8.Nfd2 c5
9.Nc3 a6 10.Qc2 Rb8 11.b3 b5 12.Bb2 e5 13.dxe6 fxe6 14.cxb5 axb5 15.Rad1 Qe7
16.Nce4 Rb6 17.Nxf6+ Bxf6 18.Bxf6 Qxf6 19.Ne4 Qe7 20.Rd2 Nb7 21.Rc1 b4 22.h4 Bd7
23.e3 Bc6 24.Nxd6 Nxd6 25.Qxc5 Bxg2 26.Qxb6 Bd5 27.Rc7 Qf6 28.Qd4 Qxd4 29.Rxd4 Nb5
30.Rxd5 Nxc7 31.Rd7 Rf7 32.Rd8+ Kg7 33.Rb8 Nd5 34.e4 Nc3 35.Rxb4 Nxa2 36.Rb6 Kf6
37.f4 Rd7 38.Kf2 h5 39.Ke3 Nc1 40.b4 Nb3 41.b5 Na5 42.Rb8 Kg7 43.b6 Rd6 44.Ke2  1/2-1/2

[Event "8th Hilton Schachfestival"]
[Site "Basel SUI"]
[Date "2006.01.04"]
[Round "4"]
[White "Izsak,Gyu"]
[Black "Heimann,A"]
[Result "1-0"]
[WhiteElo "2431"]
[BlackElo "2116"]

1.d4 Nf6 2.Nf3 g6 3.c4 Bg7 4.g3 O-O 5.Bg2 d6 6.Nc3 Nc6 7.O-O a6 8.h3 Rb8
9.Nd5 b5 10.cxb5 axb5 11.Nxf6+ Bxf6 12.Bh6 Re8 13.Rc1 Bb7 14.Qd2 e6 15.Rfe1 Qd7
16.e4 Ne7 17.h4 Nc8 18.h5 Nb6 19.b3 Rec8 20.Rc2 c5 21.dxc5 dxc5 22.Qf4 Qd8
23.Ne5 c4 24.Rd2 Qe7 25.Nd7 Nxd7 26.Rxd7 e5 27.Qf3 Qe6 28.Bh3 Qc6 29.Rxb7 Rxb7
30.Bxc8 Rc7 31.Bh3 Be7 32.bxc4 g5 33.Bxg5 Bxg5 34.Qf5 h6 35.cxb5 Qxb5 36.Rd1 Kg7
37.Kg2 Bf6 38.Rd6 Be7 39.Rd5 Qb2 40.a4 Rc5 41.Rd7 Bf6 42.Qg6+  1-0

[Event "12th Open A"]
[Site "Bosnjaci CRO"]
[Date "2006.01.04"]
[Round "3"]
[White "Rukavina,Dar"]
[Black "Saric,Iv"]
[Result "1/2-1/2"]
[WhiteElo "2225"]
[BlackElo "2339"]

1.d4 Nf6 2.c4 g6 3.Nf3 Bg7 4.g3 d6 5.Bg2 O-O 6.O-O Nbd7 7.Nc3 e5 8.e4 c6
9.h3 Qb6 10.c5 dxc5 11.dxe5 Ne8 12.e6 fxe6 13.Ng5 Ne5 14.f4 c4+ 15.Kh2 h6
16.fxe5 Rxf1 17.Qxf1 hxg5 18.Bxg5 Bxe5 19.Qf3 Qc7 20.Rf1 Qg7 21.Bh6 Qe7 22.Qf8+ Qxf8
23.Rxf8+ Kh7 24.Bf4 Bxf4 25.gxf4 Nd6 26.e5 Kg7 27.Rd8 Nf7 28.Re8 g5 29.Kg3 gxf4+
30.Kxf4 Nh8 31.Be4 b5 32.Bxc6 Ng6+ 33.Kg5 Rb8 34.Bd7 Nxe5 35.Rxc8 Nxd7 36.Rc7 Rd8
37.Nxb5 Kf7 38.Nxa7 Rg8+ 39.Kf4 Ke7 40.Rxc4 Nb6 41.Rc2 Nd5+ 42.Ke5 Rh8 43.Rh2 Rh4
44.Nc6+ Kd7 45.Nd4 Ne3 46.Nxe6 Ng4+ 47.hxg4 Rxh2 48.Nc5+ Kc6 49.Nd3 Kb5 50.Ke4 Kc4
51.Ne5+ Kb5 52.Nd3 Kc4 53.b3+ Kc3 54.Nf4 Rxa2 55.g5 Kxb3 56.Ke5 Ra8 57.Kf5 Rf8+
58.Kg4 Rg8 59.Kh5 Rxg5+ 60.Kxg5  1/2-1/2

[Event "10th Open"]
[Site "Bad Zwesten GER"]
[Date "2006.01.05"]
[Round "5"]
[White "Pfaff,V"]
[Black "Disterheft,D"]
[Result "0-1"]
[WhiteElo "2001"]
[BlackElo "2087"]

1.d4 Nf6 2.c4 g6 3.g3 Bg7 4.Bg2 O-O 5.Nf3 d6 6.O-O Nbd7 7.Nc3 e5 8.e4 exd4
9.Nxd4 Re8 10.h3 a6 11.Re1 Rb8 12.Bg5 h6 13.Be3 Ne5 14.b3 c5 15.Nde2 b5 16.cxb5 axb5
17.Qd2 b4 18.Na4 Bxh3 19.Bh1 Bd7 20.Nb2 Neg4 21.Qxd6 Nxe3 22.fxe3 Nxe4 23.Bxe4 Rxe4
24.Rad1 Bxb2 25.Qxd7 Qxd7 26.Rxd7 Rxe3  0-1

[Event "14th Bieze"]
[Site "Arnhem NED"]
[Date "2006.01.07"]
[Round "6"]
[White "Adly,A"]
[Black "Stellwagen,D"]
[Result "1-0"]
[WhiteElo "2480"]
[BlackElo "2561"]

1.Nf3 Nf6 2.d4 g6 3.c4 Bg7 4.g3 O-O 5.Bg2 d6 6.O-O Nbd7 7.Nc3 e5 8.h3 a6
9.dxe5 dxe5 10.b3 e4 11.Nd4 Re8 12.Be3 c6 13.Qd2 Qe7 14.Rad1 Qe5 15.Bf4 Qh5
16.g4 Qc5 17.g5 Nh5 18.Be3 f5 19.gxf6 Ndxf6 20.Ne6 Qe7 21.Nxg7 Qxg7 22.Bh6 Qe7
23.Qe3 Bf5 24.Rd2 Rad8 25.Rfd1 Rxd2 26.Rxd2 Qe5 27.Qd4 Qxd4 28.Rxd4 Kf7 29.Be3 Ng7
30.Bg5 Ne6 31.Bxf6 Kxf6 32.Rd7 Nc5 33.Rxh7 e3 34.b4 Nd7 35.f4  1-0